000 00685nam a2200289Ia 4500
005 20260324124645.0
008 008 260324s9999 xx 000 0 eng d
020 _a9780203835708
037 _aEBOOK
040 _aCRL
040 _beng
040 _cCRL
041 _2eng
041 _aeng
084 _qCRL
100 _aBob Franklin; Matt Carlson
_91175004
245 0 _aJournalists, Sources, and Credibility
245 0 _bNew Perspectives
260 _bTaylor and Francis
260 _c2010
365 _a
365 _b240
856 _uhttp://www.taylorfrancis.com/books/9780203835708
942 _cEBOOK
999 _c1769557
_d1769557